| 000 | 01090aam a2200361 4500 | ||
|---|---|---|---|
| 005 | 20161121153358.0 | ||
| 008 | 150413b xxu||||| |||| 00| 0 spa d | ||
| 041 | _aspa | ||
| 082 | _a651.37 D919r9 | ||
| 100 |
_aDubrin, Andrew _933188 |
||
| 245 | _aRelaciones humanas: comportamiento humano en el trabajo | ||
| 250 | _a9 edición | ||
| 260 |
_aMéxico _bPearson _c2008 |
||
| 300 | _a384 páginas | ||
| 650 |
_aRELACIONES HUMANAS _933190 |
||
| 650 |
_aLIDERAZGO _922 |
||
| 650 |
_aHABILIDADES INTERPERSONALES _933193 |
||
| 650 |
_aDIFERENCIAS INDIVIDUALES _98129 |
||
| 650 |
_aPERSONALIDAD _9265 |
||
| 650 |
_aINTELIGENCIA _933196 |
||
| 650 |
_aCOMUNICACION INTERPERSONAL _916481 |
||
| 650 |
_aHABILIDADES POLITICAS _933199 |
||
| 650 |
_aETICA _9489 |
||
| 650 |
_aBUSQUEDA DE EMPLEO _921080 |
||
| 650 |
_aTRABAJO EN EQUIPO _9731 |
||
| 650 |
_aTOMA DE DECISIONES _9865 |
||
| 650 |
_aREALCIONES INTERCULTURALES _933204 |
||
| 650 |
_aSOLUCION DE CONFLICTOS _93394 |
||
| 650 |
_aMOTIVACION _933209 |
||
| 650 |
_aSUPERACION _933212 |
||
| 650 |
_aCAPACITACION _9392 |
||
| 942 | _cBK | ||
| 999 |
_c4531 _d4531 |
||